000 00450nam a2200181Ia 4500
001 17760
005 20260306171541.0
008 260306s9999||||xx |||||||||||||| ||und||
041 _aESP
082 _a658.152
_bV35
100 _aVásquez Huamán, Enrique
_eAUT
245 0 _aGerencia estratégica de la inversión social
260 _c2008
300 _a655 páginas :
_c24 cm.
650 _aGEN
654 _aCAN
942 _cLIB
_dJUS
_fJUS
_2ddc
_n
999 _c17760
_d17760